000 00803nam a2200277Ia 4500
003 OSt
005 20220912150604.0
006 a|||||r|||| 00| 0
007 ta
008 220909b |||||||| |||| 00| 0 eng d
020 _a1584883197 (hbd)
024 _a1780
037 _cTextual
040 _aCSL
_beng
_cCSL
041 _aeng
082 _aB28, P4 TB
100 _aDesu M M
245 0 _aNonparametric statistical methods for complete and censored data
260 _aBoca
_bRaton Chapman & Hall/CRC
_c2004
300 _axiv, 367p.
_ccm.
500 _aIncludes bibliographical references; Indexes 361-367p
650 _aNanoparametric Satistics
700 _a Raghavarao D
942 _hB28, P4 TB
_cTEXL
_2CC
999 _c50605
_d50605